[Event "Helsinki We HSK op"]
[Site "Helsinki"]
[Date "1997.??.??"]
[Round "3"]
[White "Veingold, Aleksandr"]
[Black "Taivainen, Jukka"]
[Result "1-0"]
[WhiteElo "2460"]
[BlackElo "2295"]

1.d4 d5 2.Nf3 Nf6 3.c4 e6 4.g3 Be7 5.Bg2 O-O 6.O-O c6 7.Qc2 b6 8.b3 Bb7 9.Rd1 Nbd7
10.Nc3 Rc8 11.e4 dxe4 12.Ne5 Qc7 13.Bf4 Bd6 14.Nxd7 Qxd7 15.Be5 Qe7 16.Nxe4 Nxe4
17.Bxe4 f5 18.Bxd6 Qxd6 19.Bf3 e5 20.c5 bxc5 21.dxe5 Qxe5 22.Re1 Qd4 23.Rad1 Qb4
24.Re7 c4 25.Rdd7  1-0

[Event "Helsinki We Ilves"]
[Site "Helsinki"]
[Date "1997.??.??"]
[Round "4"]
[White "Veingold, Aleksandr"]
[Black "Koskinen, Henri"]
[Result "1/2-1/2"]
[WhiteElo "2460"]
[BlackElo "2290"]

1.d4 Nf6 2.Nf3 d5 3.c4 e6 4.g3 Be7 5.Bg2 O-O 6.O-O dxc4 7.Qc2 a6 8.a4 Bd7
9.Qxc4 Bc6 10.Bg5 Bd5 11.Qd3 c5 12.dxc5 Ne4 13.Bxe7 Qxe7 14.Nc3 Nxc3 15.Qxc3 Rc8
16.Rac1 Nd7 17.Ne5 Nxe5 18.Qxe5 Bxg2 19.Kxg2 Qe8 20.Qe4 Qc6 21.Kf3 Rab8 22.Rc4 a5
23.Rd1 f5 24.Qxc6 bxc6 25.Rd6 e5 26.g4 Rb3+ 27.e3 fxg4+ 28.Rxg4 Rxb2 29.Kg3 Rf8
30.f3 h5 31.Re4 Rf6 32.Rxe5 h4+ 33.Kxh4 Rxf3 34.Kg4 Rf1 35.Rd8+ Kh7 36.Rh5+ Kg6
37.Rg5+ Kf7 38.Rf5+ Rxf5 39.Kxf5 Rxh2  1/2-1/2

[Event "FIN-ch"]
[Site "Helsinki"]
[Date "1997.??.??"]
[Round "8"]
[White "Keskisarja, Teemu"]
[Black "Pihlajasalo, Antti"]
[Result "0-1"]
[WhiteElo "2315"]
[BlackElo "2205"]

1.d4 d5 2.c4 e6 3.Nf3 Nf6 4.g3 Be7 5.Bg2 O-O 6.O-O c6 7.Qc2 b6 8.b3 Bb7 9.Nc3 Nbd7
10.Rd1 Rc8 11.Bb2 Qc7 12.e4 dxe4 13.Nxe4 c5 14.Nxf6+ Bxf6 15.dxc5 bxc5 16.Rd2 Bxb2
17.Qxb2 Bxf3 18.Bxf3 Ne5 19.Bg2 Rfd8 20.Rad1 f6 21.Qc3 Nf7 22.Qe3 Qb6 23.Bh3 Rxd2
24.Rxd2 Rc6 25.f4 Kf8 26.Rd7 Ke8 27.Rd1 Ke7 28.f5 Rd6 29.Rxd6 Qxd6 30.fxe6 Ng5
31.Bg4 Qe5 32.Qd2 Nxe6 33.b4 f5 34.Bf3 Qd4+ 35.Qxd4 Nxd4 36.Bd5 cxb4 37.Kf2 Kd6
38.Ke3 Kc5 39.Kd3 a5 40.Bf7 a4  0-1

[Event "BCF-ch"]
[Site "Hove"]
[Date "1997.??.??"]
[Round "9"]
[White "Botley, Gordon"]
[Black "Spence, David"]
[Result "1/2-1/2"]
[WhiteElo "2155"]
[BlackElo "2070"]

1.d4 e6 2.Nf3 d5 3.g3 Nf6 4.c4 Be7 5.Bg2 O-O 6.O-O c6 7.Nbd2 Nbd7 8.Qc2 Re8
9.b3 b6 10.e4 dxe4 11.Nxe4 Nxe4 12.Qxe4 Bb7 13.Bb2 Rb8 14.Rad1 c5 15.Qe2 cxd4
16.Nxd4 Bxg2 17.Kxg2 Rb7 18.Nc6 Qc8 19.Nxe7+ Rxe7 20.Rd2 Nf8 21.Rfd1 Qc6+
22.Qf3 Qxf3+ 23.Kxf3 Red7 24.Ke4 Rxd2 25.Rxd2 Nd7 26.Ba3 f5+ 27.Kd4 Kf7 28.f4 Kf6
29.Bd6 a5 30.Kc3 h6 31.a3 g5 32.b4 axb4+ 33.axb4 Ra7 34.c5 bxc5 35.bxc5 g4
36.Kc4 Ra1 37.Rc2 Ra6 38.Kb5 Rxd6 39.cxd6 e5 40.Rc7 Ke6 41.fxe5 Nxe5 42.Rh7 Kxd6
43.Rxh6+ Kd5 44.Rh5 Ke4 45.Kc5  1/2-1/2

[Event "HUN-chT2 9798"]
[Site "HUN"]
[Date "1997.??.??"]
[Round "?"]
[White "Horvath, Jeno Kalman"]
[Black "Paal, Attila"]
[Result "1/2-1/2"]
[WhiteElo "2205"]
[BlackElo "2190"]

1.Nf3 d5 2.d4 e6 3.g3 Nf6 4.Bg2 Be7 5.c4 O-O 6.O-O Nbd7 7.Nbd2 c6 8.Qc2 b6
9.b3 Bb7 10.Bb2 Rc8 11.Rac1 c5 12.dxc5 Nxc5 13.Rfd1 Rc7 14.Ne5 Qa8 15.Qb1 Rfc8
16.cxd5 Nxd5 17.Bh3 Nf6 18.Qa1 Nce4 19.Ndf3 Nd5 20.Rxc7 Rxc7 21.Rc1 Qc8 22.Bf1 Bf6
23.Rxc7 Qxc7 24.Nd3 Ba6 25.Bxf6 Ndxf6 26.Qe5 Qc8 27.Qd4 Nc3 28.a4 Bb7 29.Nfe5 Bd5
30.a5 Qc7 31.axb6 axb6 32.Nc4 b5 33.Qxc3 bxc4 34.bxc4 Qxc4 35.Qxc4 Bxc4 36.Ne5 Bd5
37.f3 Kf8 38.Kf2 Ke7 39.e4 Bb7 40.Ke3 Ne8 41.Bc4 Nd6 42.Bb3 f6 43.Nd3 Ba6
44.Nc5 Bc4 45.Bc2 h6 46.f4 e5 47.Na4 Nb5 48.Nb2 Be6 49.Bd3 Nd4 50.Nd1 Kd6
51.Nc3 Kc5 52.Ne2 Nxe2 53.Bxe2 Kb4 54.fxe5 fxe5 55.Bh5 Kc3 56.h4 g5 57.hxg5 hxg5
58.Bg6 Kc2 59.Bf5 Bf7 60.Kf3 Bh5+ 61.Bg4 Bg6 62.Bf5 Bh5+ 63.Bg4 Bg6  1/2-1/2

[Event "HUN-chT2 9798"]
[Site "HUN"]
[Date "1997.??.??"]
[Round "?"]
[White "Goczan, Laszlo"]
[Black "Asztalos, Viktor"]
[Result "1/2-1/2"]
[WhiteElo "2215"]
[BlackElo "2260"]

1.d4 e6 2.g3 d5 3.Bg2 Nf6 4.c4 Be7 5.Nf3 O-O 6.O-O Nbd7 7.Nbd2 c5 8.b3 b6
9.Bb2 Bb7 10.Qc2 Rc8 11.Rac1 Rc7 12.Qb1 Qa8 13.Rfd1 Rfc8 14.Qa1 Bf8 15.dxc5 Rxc5
16.Ne5 Nxe5 17.Bxe5 Nd7 18.Bb2 dxc4 19.Bxb7 Qxb7 20.Nxc4 b5 21.Ne3 f6 22.Qb1 Ne5
23.Bd4  1/2-1/2

[Event "HUN-chT2 9798"]
[Site "HUN"]
[Date "1997.??.??"]
[Round "?"]
[White "Bugyinszki, Istvan"]
[Black "Rigan, Jozsef"]
[Result "1-0"]
[WhiteElo "2285"]
[BlackElo "2230"]

1.Nf3 Nf6 2.g3 d5 3.d4 e6 4.Bg2 Be7 5.c4 O-O 6.O-O c6 7.Qc2 Ne4 8.Nc3 f5
9.b3 Nd7 10.Bb2 Qe8 11.Nd2 Nxd2 12.Qxd2 Bd6 13.e3 Rb8 14.f3 b5 15.c5 Be7
16.b4 e5 17.dxe5 Nxe5 18.Nxd5 Nc4 19.Qc3 Rf7 20.Nxe7+ Qxe7 21.e4 a5 22.a3 Bd7
23.Rfe1 f4 24.Bc1 Rbf8 25.Ra2 Be6 26.gxf4 Rxf4 27.Bxf4 Rxf4 28.Bf1 Qf8 29.Rf2 a4
30.Rd1 h6 31.Bxc4 bxc4 32.Rd6 Rf6 33.Rxe6 Rxe6 34.Qxc4 Qf7 35.Rg2 Kh7 36.Rg3 Qf6
37.f4 Re7 38.e5 Qh4 39.Qd3+ Kg8 40.Qf5 Rf7 41.Qg4 Qd8 42.f5 Rd7 43.f6 Rd1+
44.Kg2 Qd5+ 45.Kh3 g5 46.Rf3 Rd3 47.Qc8+ Qd8 48.Qxd8+ Rxd8 49.e6 Rd4 50.f7+ Kf8
51.e7+ Kxe7 52.f8=Q+  1-0

[Event "HUN-chT 9798"]
[Site "Hungary"]
[Date "1997.??.??"]
[Round "?"]
[White "Portisch, Lajos"]
[Black "Ribli, Zoltan"]
[Result "1/2-1/2"]
[WhiteElo "2630"]
[BlackElo "2585"]

1.d4 Nf6 2.c4 e6 3.Nf3 d5 4.g3 Be7 5.Bg2 O-O 6.O-O dxc4 7.Qc2 a6 8.a4 Bd7
9.Qxc4 Bc6 10.Bg5 Bd5 11.Qd3 c5 12.dxc5 Nbd7 13.Nc3 Nxc5 14.Qe3 Qa5 15.Nxd5 Nxd5
16.Qa3 Bxg5 17.Nxg5 h6 18.Rfc1 Nd7 19.Bxd5 Qxd5 20.Rd1 Qxg5 21.Rxd7 b5 22.Rad1 Rfd8
23.Rxd8+ Rxd8 24.Rxd8+ Qxd8 25.axb5 Qd1+ 26.Kg2 Qd5+ 27.Qf3  1/2-1/2

[Event "World Cities"]
[Site "Jakarta "]
[Date "1997.??.??"]
[Round "7"]
[White "Juswanto, Denny"]
[Black "Wahono, Awam"]
[Result "1/2-1/2"]
[WhiteElo "2435"]
[BlackElo "2330"]

1.d4 Nf6 2.c4 e6 3.g3 d5 4.Nf3 Be7 5.Bg2 O-O 6.O-O c6 7.Qc2 b6 8.Rd1 Bb7
9.Nc3 Nbd7 10.Bf4 Rc8 11.Rac1 dxc4 12.Nd2 Nd5 13.Nxc4 Nxf4 14.gxf4 Qc7 15.e3 Qb8
16.Ne5 Rfd8 17.Qa4 Nxe5 18.dxe5 c5 19.Rxd8+ Rxd8 20.Rd1 Bxg2 21.Rxd8+ Qxd8
22.Kxg2 Qa8+ 23.e4 Qb7 24.Qe8+ Bf8 25.f3 a6 26.Qd8 Qc6 27.f5 c4 28.f6 g6
29.Qd2 b5 30.a3 a5 31.a4 bxa4 32.Qd8 a3 33.bxa3 Qc5 34.Na4 Qxa3 35.Nb6 Qb2+
36.Kf1 Qc1+ 37.Ke2 c3 38.Nc8 Qd2+ 39.Qxd2 cxd2 40.Kxd2 Kh8 41.Nd6 Bh6+ 42.Kc2 Kg8
43.Kd1  1/2-1/2

[Event "Kastel Stari op"]
[Site "Kastel Stari"]
[Date "1997.??.??"]
[Round "1"]
[White "Romanishin, Oleg M"]
[Black "Bocina, Darko"]
[Result "1-0"]
[WhiteElo "2555"]
[BlackElo "2185"]

1.d4 Nf6 2.Nf3 e6 3.g3 d5 4.Bg2 Be7 5.c4 O-O 6.O-O Nbd7 7.Qd3 b6 8.cxd5 exd5
9.Nc3 Bb7 10.Bf4 Ne4 11.Rac1 Nxc3 12.Qxc3 c6 13.Bh3 Bf6 14.Qd2 Re8 15.Rc2 Nf8
16.Rfc1 Ne6 17.Bg2 Rc8 18.b4 b5 19.Be5 Ng5 20.Bxf6 Nxf3+ 21.Bxf3 Qxf6 22.a4 bxa4
23.Ra2 Ba6 24.Rxa4 Bc4 25.Rxa7 Ra8 26.Ra5 g6 27.Kg2 Rab8 28.e3 Re7 29.Rc2 Reb7
30.Rb2 h5 31.h4 Kg7 32.Ra1 Qe7 33.Ra4 Bb5 34.Ra5 Bc4 35.Ra4 Bb5 36.Ra1 Bc4
37.Rab1 Rb6 38.Qc3 R8b7 39.Kg1 f5 40.Bg2 Qd6 41.Bf1 Bxf1 42.Kxf1 Qe7 43.Kg1 Kf7
44.Ra1 Ra7 45.Ra5 Qb7 46.Rc2 Raa6 47.Kh2 Ke6 48.Qc5 Qe7 49.Qxe7+ Kxe7 50.Rca2 Rxa5
51.bxa5 Ra6 52.Kg2 Kd6 53.Kf3 c5 54.dxc5+ Kxc5 55.Kf4 d4 56.exd4+ Kxd4 57.Rb2 Rxa5
58.Rb6 Kd3 59.Kf3 Kd4 60.Rxg6 Ke5 61.Rg5 Ra3+ 62.Kg2 Ke4 63.Rxh5 f4 64.Rh8 f3+
65.Kh3 Ra2 66.Re8+ Kd5 67.Re3 Rxf2 68.Kg4 Re2 69.Kxf3  1-0

[Event "Koge op"]
[Site "Koge"]
[Date "1997.??.??"]
[Round "7"]
[White "Sorensen, Torben"]
[Black "Jensen, Stein"]
[Result "1-0"]
[WhiteElo "2300"]
[BlackElo "2205"]

1.d4 Nf6 2.c4 e6 3.g3 d5 4.Bg2 Be7 5.Nf3 O-O 6.O-O c6 7.b3 Nbd7 8.Qc2 b6
9.Nc3 Bb7 10.Rd1 Rc8 11.e4 Nxe4 12.Nxe4 dxe4 13.Qxe4 Nf6 14.Qe2 Qc7 15.Bf4 Bd6
16.Bxd6 Qxd6 17.Ne5 Qe7 18.Rd2 c5 19.Rad1 Bxg2 20.Kxg2 Qb7+ 21.Qf3 Qxf3+
22.Kxf3 cxd4 23.Rxd4 Rc7 24.Nd7 Rfc8 25.Nxf6+ gxf6 26.Rd8+ Rxd8 27.Rxd8+ Kg7
28.Ke4 Rc5 29.f4 f5+ 30.Kd4 Kf6 31.Rd7 e5+ 32.fxe5+ Rxe5 33.Rd6+ Re6 34.Kd5 h5
35.b4 h4 36.c5  1-0

[Event "Cassovia op"]
[Site "Kosice"]
[Date "1997.??.??"]
[Round "?"]
[White "Jirovsky, Pavel"]
[Black "Bekiarisova, Alena"]
[Result "1-0"]
[WhiteElo "2355"]
[BlackElo "2170"]

1.d4 d5 2.Nf3 Nf6 3.c4 e6 4.g3 Be7 5.Bg2 O-O 6.O-O Nbd7 7.Qc2 c6 8.b3 Qc7
9.Rd1 b6 10.Bf4 Bd6 11.Bxd6 Qxd6 12.Nbd2 Bb7 13.e4 dxe4 14.Nxe4 Nxe4 15.Qxe4 Nf6
16.Qe3 Ng4 17.Qe2 c5 18.dxc5 Qxc5 19.h3 Nh6 20.Rd2 Nf5 21.Kh2 Nd6 22.Ne1 Bxg2
23.Nxg2 Qc6 24.Rad1 Ne4 25.Rd3 e5 26.f3 Ng5 27.h4 e4 28.fxe4 Nxe4 29.Qf3 Rac8
30.Nf4 f5 31.Rd7 Qh6 32.Rxa7 Rfd8 33.Rad7 Rxd7 34.Rxd7 g5 35.Qh5 Qxh5 36.Nxh5 gxh4
37.gxh4 Nc3 38.Nf4 Re8 39.Rb7 Re4 40.Kg3 Re3+ 41.Kg2 Nxa2 42.Rxb6 Nc1 43.c5 Rc3
44.c6 Kf7 45.Rb7+ Ke8 46.c7 Kd7 47.Nd5 Rc2+ 48.Kf3 Kd6 49.Rb8 Kxd5 50.c8=Q Rxc8
51.Rxc8 Nxb3 52.Kf4 Ke6 53.Rc7 Nd4 54.Rxh7 Ne2+ 55.Kg5 f4 56.Rh6+ Kf7 57.Rf6+ Kg7
58.h5 Kh7 59.Rf7+ Kg8 60.Kg6  1-0

[Event "Krasnodar"]
[Site "Krasnodar"]
[Date "1997.??.??"]
[Round "4"]
[White "Poluljahov, Aleksandr"]
[Black "Lobzhanidze, Davit"]
[Result "1/2-1/2"]
[WhiteElo "2510"]
[BlackElo "2375"]

1.d4 d5 2.Nf3 Nf6 3.c4 e6 4.g3 Be7 5.Bg2 O-O 6.O-O dxc4 7.Qc2 a6 8.a4 Bd7
9.Qxc4 Bc6 10.Bg5 a5 11.Nc3 Na6 12.Bxf6 Bxf6 13.e4 Nb4 14.Rfd1 g6 15.Qe2 Bg7
16.h4 Qe7 17.e5 Rad8 18.Ne4 b6 19.b3 Rd7 20.Rac1 Bd5 21.Qe3 Rfd8  1/2-1/2

[Event "SLO-ch"]
[Site "Krsko"]
[Date "1997.??.??"]
[Round "?"]
[White "Srebrnic, Vojko"]
[Black "Kragelj, Igor"]
[Result "1/2-1/2"]
[WhiteElo "2225"]
[BlackElo "2285"]

1.d4 Nf6 2.c4 e6 3.g3 d5 4.Nf3 Be7 5.Bg2 O-O 6.O-O dxc4 7.Ne5 Nc6 8.Bxc6 bxc6
9.Nxc6 Qe8 10.Nxe7+ Qxe7 11.Qa4 Qd6 12.Rd1 Qa6 13.Qxa6 Bxa6 14.Bd2 Rfd8 15.Ba5 Nd5
16.e4 Nb6 17.Na3 Bb7 18.e5 Bf3 19.Rd2 Rd5 20.Bc3 Rad8 21.Nc2 Na4 22.Re1 c5
23.Ne3 Nxc3 24.bxc3 Rxe5 25.Rb1 h6 26.Nxc4 Red5 27.Rb5 cxd4 28.Rxd5 Rxd5
29.cxd4 f6 30.Kf1 Rh5 31.Rd3 Bd5 32.Ne3 Bxa2 33.Ra3 Bb1 34.Rxa7 Rxh2 35.d5 exd5
36.Nxd5 Rh5 37.Nf4 Re5 38.Ra1 Be4 39.Ra3 Kf7 40.f3 Bc6 41.Kf2  1/2-1/2

[Event "Lichtenstein op"]
[Site "Lichtenstein"]
[Date "1997.??.??"]
[Round "3"]
[White "Wojtkiewicz, Aleksander"]
[Black "Poettinger, Harald"]
[Result "1-0"]
[WhiteElo "2565"]
[BlackElo "2270"]

1.Nf3 d5 2.c4 e6 3.d4 Nf6 4.g3 Be7 5.Bg2 O-O 6.Qc2 dxc4 7.Nbd2 Nc6 8.Qxc4 Qd5
9.O-O Rd8 10.e3 a5 11.a3 a4 12.Qc2 Qb5 13.Nc4 Ne8 14.Bd2 Nd6 15.Nce5 Nxe5
16.Nxe5 c6 17.Rfc1 Qb6 18.Bb4 Bd7 19.Be4 h6 20.Bh7+ Kf8 21.Qd1 Be8 22.Qf3 f6
23.h4 Nc8 24.Bg6 Bxb4 25.Bxe8 Kxe8 26.Qh5+  1-0

[Event "Lichtenstein op"]
[Site "Lichtenstein"]
[Date "1997.??.??"]
[Round "5"]
[White "Sher, Miron N"]
[Black "Poettinger, Harald"]
[Result "0-1"]
[WhiteElo "2470"]
[BlackElo "2270"]

1.c4 e6 2.Nf3 d5 3.g3 Nf6 4.Bg2 Be7 5.d4 O-O 6.O-O dxc4 7.Ne5 Qd6 8.Nxc4 Qa6
9.Qb3 c5 10.dxc5 Nfd7 11.Nc3 Nxc5 12.Qb5 Bd7 13.Qxa6 Nbxa6 14.Na5 Bf6 15.Be3 Rab8
16.Rac1 Rfc8 17.Bf4 e5 18.Be3 b6 19.Nc4 Na4 20.Ne4 Rc7 21.b3 N4c5 22.Nxf6+ gxf6
23.Nd6 Rd8 24.Rfd1 Bg4 25.Nb5 Rcd7 26.Rxd7 Rxd7 27.Nc3 Kg7 28.h3 Be6 29.g4 Nb4
30.Bf3 f5 31.gxf5 Bxf5 32.Bg4 Bxg4 33.hxg4 Kg6 34.f3 f5 35.gxf5+ Kxf5 36.Bxc5 bxc5
37.Ne4 Nxa2 38.Rxc5 Nb4 39.Kf2 Nd5 40.Rc6 h5 41.Rh6 h4 42.Rh5+ Kg6 43.Rxe5  0-1

[Event "Anibal op 4th"]
[Site "Linares"]
[Date "1997.??.??"]
[Round "4"]
[White "Filippov, Valerij"]
[Black "Korneev, Oleg"]
[Result "1/2-1/2"]
[WhiteElo "2510"]
[BlackElo "2590"]

1.Nf3 d5 2.d4 Nf6 3.c4 e6 4.g3 Be7 5.Bg2 O-O 6.O-O dxc4 7.Qc2 a6 8.Qxc4 b5
9.Qc2 Bb7 10.Bd2 Be4 11.Qc1 Bb7 12.Qc2 Be4 13.Qc1  1/2-1/2

[Event "Jaen-ch"]
[Site "Linares"]
[Date "1997.??.??"]
[Round "6"]
[White "Jimenez Bernal, Francisco"]
[Black "Ruiz Sanchez, Miguel A"]
[Result "1-0"]
[WhiteElo "2070"]
[BlackElo "2150"]

1.c4 e6 2.Nf3 Nf6 3.d4 d5 4.g3 Be7 5.Bg2 O-O 6.O-O b6 7.Nc3 Bb7 8.Ne5 Nbd7
9.Bf4 c5 10.cxd5 Nxe5 11.Bxe5 Nxd5 12.e4 cxd4 13.exd5 dxc3 14.d6 c2 15.Qxc2 Bxd6
16.Bxb7 Bxe5 17.Bxa8 Qxa8 18.Rac1 Qf3 19.Rfd1 h5 20.b3 h4 21.Qd3 Qf6 22.Qe4 g5
23.Rd3 Bb8 24.Qf3 Qe7 25.Rcd1 Bc7 26.Rd7 Qc5 27.Qe3 Qxe3 28.fxe3 Bb8 29.Rd8 Be5
30.gxh4 gxh4 31.Rxf8+ Kxf8 32.Rd7 a5 33.Rb7 Bd6 34.Rxb6 Bc5 35.Rb8+ Kg7 36.Kf2 Kg6
37.h3 f5 38.Kf3 e5 39.Rb5 e4+ 40.Ke2 Bb4 41.a3 Bxa3 42.Rxa5 Bb4 43.Rb5 Bc3
44.b4 Kg5 45.Rb8 Be5 46.Rg8+ Kf6 47.b5 Bc7 48.Rc8 Ba5 49.b6  1-0

[Event "Anibal op 4th"]
[Site "Linares"]
[Date "1997.??.??"]
[Round "7"]
[White "Fridman, Daniel"]
[Black "Janjgava, Lasha"]
[Result "1/2-1/2"]
[WhiteElo "2490"]
[BlackElo "2495"]

1.Nf3 Nf6 2.c4 e6 3.d4 d5 4.g3 Be7 5.Bg2 O-O 6.O-O dxc4 7.Qc2 a6 8.a4 Bd7
9.Qxc4 Bc6 10.Bg5 a5 11.Nc3 Na6 12.Bxf6 Bxf6 13.e4 Nb4 14.Rad1 Qb8 15.h4 Rd8
16.Nh2 Ra6 17.Ng4 Be7 18.Qe2 Be8 19.e5 Qa7 20.Ne3 c6 21.Qg4 h5 22.Qf4 Nd5
23.Nexd5 cxd5 24.Bf3 Rb6 25.Rd2 Rb4 26.Bxh5 Qb6 27.Qe3 Rc8 28.Be2 Rxb2 29.Nb5 Rxd2
30.Qxd2 Bxb5  1/2-1/2

[Event "Anibal op 4th"]
[Site "Linares"]
[Date "1997.??.??"]
[Round "8"]
[White "Filippov, Valerij"]
[Black "Rodriguez, Amador"]
[Result "1-0"]
[WhiteElo "2510"]
[BlackElo "2555"]

1.Nf3 Nf6 2.c4 e6 3.g3 d5 4.d4 Be7 5.Bg2 O-O 6.O-O dxc4 7.Qc2 a6 8.a4 Nc6
9.Qxc4 Nb4 10.Nc3 b5 11.Qb3 bxa4 12.Nxa4 Rb8 13.Rd1 Bb7 14.Nc3 Qc8 15.Bf4 Nd3
16.Rxd3 Bxf3 17.Qc2 Bxg2 18.Kxg2 Qb7+ 19.Kg1 Qxb2 20.Qxb2 Rxb2 21.Rxa6 Bb4
22.Kf1 h6 23.Bxc7 Rb3 24.Ba5 Rc8 25.Bxb4 Rxb4 26.Ra3 Rd8 27.e3 e5 28.Ne2 Rb1+
29.Kg2 Rb2 30.dxe5 Rxd3 31.Rxd3 Ng4 32.h3 Nxe5 33.Rd8+ Kh7 34.Nf4 g6 35.g4 Kg7
36.Re8 Nc4 37.h4 Nd6 38.Re7 Kf8 39.Re5 Kg7 40.Kg3 Rb4 41.Ra5 Ne4+ 42.Kf3 Nf6
43.Ra8 Rc4 44.Ra7 Rc6 45.Ne2 Re6 46.Nd4 Re5 47.Nc6 Rd5 48.Kf4 h5 49.Ne5 Rxe5
50.Kxe5 Nxg4+ 51.Kd5 Nxf2 52.e4 Nd3 53.Kd6 Kf6 54.Ra2 Nf4 55.e5+ Kg7 56.Ra1 Ne6
57.Rf1 Kf8 58.Rf6 Nd4 59.Kd7 Ne6 60.Rxe6 fxe6 61.Kxe6 g5 62.Kd7  1-0

[Event "TSV Willsbach"]
[Site "Loewenstein"]
[Date "1997.??.??"]
[Round "6"]
[White "Rausis, Igors"]
[Black "Schulzke, Erich"]
[Result "1-0"]
[WhiteElo "2470"]
[BlackElo "2285"]

1.Nf3 d5 2.d4 Nf6 3.c4 e6 4.g3 Be7 5.Bg2 O-O 6.O-O c6 7.Qc2 b6 8.Nbd2 Nbd7
9.e4 Bb7 10.b3 Rc8 11.Bb2 Qc7 12.Rfe1 Rfd8 13.Rad1 dxe4 14.Nxe4 c5 15.d5 exd5
16.Nc3 Bf8 17.Nxd5 Bxd5 18.cxd5 Re8 19.Rxe8 Rxe8 20.Nd4 a6 21.Nf5 Bd6 22.Qc4 g6
23.Nxd6 Qxd6 24.Qxa6 h5 25.Qb5 Ne5 26.h3 Re7 27.f4 Ned7 28.Qc6 Ne8 29.Bf3 h4
30.Qxd6 Nxd6 31.gxh4 f5 32.h5 Kf7 33.Rd2 Ne4 34.Rg2  1-0

[Event "CRO-chT"]
[Site "Medulin"]
[Date "1997.??.??"]
[Round "?"]
[White "Kiss, Attila"]
[Black "Vukelic, Tomislav"]
[Result "1-0"]
[WhiteElo "2425"]
[BlackElo "2300"]

1.Nf3 d5 2.d4 Nf6 3.c4 e6 4.g3 Be7 5.Bg2 O-O 6.O-O dxc4 7.Na3 Bxa3 8.bxa3 Bd7
9.Ne5 Bc6 10.Nxc6 Nxc6 11.Bb2 Nd5 12.Rb1 Nb6 13.e3 Qd6 14.Qc2 a5 15.Rfd1 a4
16.e4 e5 17.d5 Nb8 18.Bf1 N8d7 19.Bxc4 Nxc4 20.Qxc4 Rfc8 21.Qc3 Qg6 22.Qe3 Qd6
23.Rbc1 h6 24.Rd2 Nf6 25.Rc4 Rd8 26.Rdc2 c6 27.dxc6 bxc6 28.Rxc6 Qd1+ 29.Kg2 Rab8
30.h3 Rb7 31.Qf3 Qd3 32.Qxd3 Rxd3 33.R6c4 Nd7 34.Rxa4 f6 35.Rac4 Nf8 36.Rc8 Ra7
37.Bc1 Rdd7 38.Be3 Ra4 39.Bc5 Rf7 40.Bb4 Raa7 41.Rb8  1-0

[Event "Minsk op"]
[Site "Minsk"]
[Date "1997.??.??"]
[Round "2"]
[White "Gleizerov, Evgeny"]
[Black "Begun, Sergei M"]
[Result "1-0"]
[WhiteElo "2545"]
[BlackElo "2370"]

1.d4 Nf6 2.c4 e6 3.g3 d5 4.Bg2 Be7 5.Nf3 O-O 6.O-O c6 7.Nc3 b6 8.Ne5 Nfd7
9.cxd5 Nxe5 10.dxe5 exd5 11.Nxd5 Bc5 12.b4 Be6 13.e4 Be7 14.f4 Na6 15.a3 Qe8
16.Ne3 Rd8 17.Qe2 Bc8 18.f5 Bg5 19.Bb2 Nc7 20.Rfe1 Ba6 21.Qg4 Bh6 22.f6 Bxe3+
23.Rxe3 g6 24.Qh4 Kh8 25.g4 Ne6 26.Qh6 Rd3 27.Rxd3 Bxd3 28.Rd1  1-0

[Event "Minsk op"]
[Site "Minsk"]
[Date "1997.??.??"]
[Round "5"]
[White "Vaulin, Alexander"]
[Black "Splosnov, Sergei"]
[Result "1-0"]
[WhiteElo "2490"]
[BlackElo "2280"]

1.c4 e6 2.g3 d5 3.Bg2 Nf6 4.Nf3 Be7 5.d4 O-O 6.Nc3 dxc4 7.Ne5 c5 8.dxc5 Qc7
9.Nxc4 Qxc5 10.Qb3 Nc6 11.Be3 Qb4 12.O-O Ng4 13.Qxb4 Bxb4 14.Bd2 Nge5 15.Nxe5 Nxe5
16.b3 Nc6 17.Rfd1 Rd8 18.Ne4 Bxd2 19.Nxd2 Kf8 20.Nc4 Ke7 21.Bxc6 bxc6 22.Rxd8 Kxd8
23.Ne5 Ke8 24.Nxc6 Bd7 25.Ne5 Bb5 26.Rc1 Bxe2 27.Rc7 Bh5 28.b4 a6 29.g4 Bg6
30.h4 f6 31.Nxg6 hxg6 32.Rxg7 Kf8 33.Rh7 Kg8 34.Re7 Rb8 35.a3 a5 36.bxa5 Ra8
37.Rxe6 Kf7 38.Re4 Rxa5 39.a4 f5 40.gxf5 gxf5 41.Rd4 Kg6 42.Kf1 Re5 43.Rb4 Kh5
44.Rb5 Re4 45.Rxf5+ Kxh4 46.a5 Ra4 47.f3 Ra2 48.Ke1 Kg3 49.Kd1 Kf2 50.Kc1 Ke3
51.Kb1 Ra4 52.Kc2 Ra2+ 53.Kb3 Ra1 54.Kc4 Ra2 55.Kb5 Rb2+ 56.Kc6 Rc2+ 57.Kb6 Rb2+
58.Rb5  1-0

[Event "Amber-blind 6th"]
[Site "Monte Carlo"]
[Date "1997.??.??"]
[Round "9"]
[White "Piket, Jeroen"]
[Black "Karpov, Anatoly"]
[Result "1/2-1/2"]
[WhiteElo "2640"]
[BlackElo "2760"]

1.d4 Nf6 2.c4 e6 3.g3 d5 4.Nf3 Be7 5.Bg2 O-O 6.O-O dxc4 7.Qc2 a6 8.Qxc4 b5
9.Qc2 Bb7 10.Bf4 Bd6 11.Nbd2 Bxf4 12.gxf4 Qd6 13.e3 Nbd7 14.Rfd1 c5 15.dxc5 Qxc5
16.Qxc5 Nxc5 17.Ne5 Bxg2 18.Kxg2 Rfc8 19.Ndf3 Na4 20.Nd3 Ne4 21.Rac1 Kf8
22.Nd4 Nec5 23.Nxc5 Rxc5 24.Rxc5 Nxc5 25.b4 Ne4 26.Rc1 Nf6 27.a3 Nd5 28.Kf3 Ke8
29.Nb3 Kd7 30.Nc5+ Ke7 31.Nb3 Kd6 32.Na5 Kd7 33.e4 Nb6 34.Rd1+ Ke7 35.Nc6+ Ke8
36.Ne5 a5 37.Rd6 axb4 38.axb4 Nc4 39.Nxc4 bxc4 40.Rc6 Ra3+ 41.Ke2 Rc3 42.b5 Kd7
43.Rc5 Kd6 44.Rc6+ Kd7 45.Rc5 Rb3 46.Rxc4 Rxb5 47.Kf3 Rb3+ 48.Kg2 Ke7 49.Rc7+ Kf6
50.f3 Rb5 51.Kg3 h5 52.h4  1/2-1/2

[Event "Mitropa Cup 17th"]
[Site "Montecatini Terme"]
[Date "1997.??.??"]
[Round "2"]
[White "Boensch, Uwe"]
[Black "Arlandi, Ennio"]
[Result "1-0"]
[WhiteElo "2540"]
[BlackElo "2470"]

1.d4 Nf6 2.Nf3 e6 3.g3 d5 4.c4 Be7 5.Bg2 O-O 6.O-O dxc4 7.Qc2 a6 8.a4 Bd7
9.Qxc4 Bc6 10.Bg5 a5 11.Nc3 Na6 12.e3 Nb4 13.Qe2 h6 14.Bxf6 Bxf6 15.Rfd1 Bxf3
16.Bxf3 c6 17.Ne4 Be7 18.Rac1 Qc7 19.Bg2 Rfd8 20.f4 Nd5 21.Nc5 Nb6 22.b3 Nd7
23.Nxd7 Rxd7 24.Qc4 Qb6 25.Rd3 Rad8 26.Rcd1 Qb4 27.h4 Qxc4 28.bxc4 h5 29.Kf2 Kf8
30.Ke2 Bb4 31.e4 Ke7 32.e5 g6 33.Be4 Rc7 34.Kf3 Rcd7 35.d5 cxd5 36.cxd5 exd5
37.Bxd5 b6 38.f5 gxf5 39.Kf4 Rc7 40.Kxf5 Rc2 41.Bf3 Rxd3 42.Rxd3 Rc5 43.Bxh5 f6
44.Bg4 b5 45.Kg6 fxe5 46.h5 e4 47.Rd7+ Ke8 48.h6 Rc6+ 49.Kg5 bxa4 50.h7 Bc3
51.Ra7 Rc5+ 52.Kf4 a3 53.Ra8+ Ke7 54.h8=Q Bxh8 55.Rxh8 a2 56.Rh1 Rc3 57.Ra1 Ra3
58.Be2 e3 59.Ke5 Ra4 60.g4 Kf7 61.Kf5 Kg7 62.g5 Rd4 63.Rxa2 Rd2 64.Rxd2 exd2
65.Bd1 Kf7 66.g6+ Kg7  1-0

[Event "Moscow"]
[Site "Moscow"]
[Date "1997.??.??"]
[Round "5"]
[White "Birjukov, Sergei"]
[Black "Grigoriants, Sergey"]
[Result "0-1"]
[WhiteElo "2260"]
[BlackElo "2315"]

1.d4 d5 2.c4 e6 3.Nf3 Nf6 4.g3 Be7 5.Bg2 O-O 6.O-O Nc6 7.b3 dxc4 8.bxc4 Na5
9.Nbd2 c5 10.e3 Qc7 11.Qc2 cxd4 12.exd4 Rd8 13.Bb2 b6 14.Rac1 Bb7 15.Qb1 Qd7
16.Rfe1 Rac8 17.Ne5 Qa4 18.Bh3 Bb4 19.Bc3 Bxc3 20.Rxc3 Rxd4 21.Ndf3 Bxf3
22.Rxf3 Nxc4 23.Qc1 Rc5 24.Nd3 Ne5 25.Nxc5 Nxf3+ 26.Kh1 bxc5 27.Qxc5 Nxe1  0-1

[Event "FIN-ch op"]
[Site "Naan"]
[Date "1997.??.??"]
[Round "?"]
[White "Veingold, Aleksandr"]
[Black "Taivainen, Jukka"]
[Result "1/2-1/2"]
[WhiteElo "2460"]
[BlackElo "2295"]

1.d4 d5 2.Nf3 Nf6 3.c4 e6 4.g3 Be7 5.Bg2 O-O 6.O-O dxc4 7.Qc2 a6 8.a4 Bd7
9.Qxc4 Bc6 10.Bg5 Bd5 11.Qd3 c5 12.Nc3 Bc6 13.Rfd1 cxd4 14.Nxd4 Bxg2 15.Kxg2 Qa5
16.Bxf6 Bxf6 17.Ne4 Bxd4 18.Qxd4 Nc6 19.Qc5 Rfd8 20.Qxa5 Nxa5 21.Nc5 Rdc8
22.b4 Nc6 23.Nd7 Rd8 24.b5 axb5 25.axb5 Rxa1 26.Rxa1 Nd4 27.b6 Nc6 28.Nc5 g6
29.Rb1 Na5 30.Rb5 Nc4 31.Rb4 Na5 32.e4 Rc8 33.Rb5 Nc4 34.Nd7 Rd8 35.Nc5 Rc8
36.Nxb7 Rb8 37.Nc5 Rxb6 38.Rxb6 Nxb6 39.e5 Nc4 40.f4 g5 41.Kf3 gxf4 42.Kxf4 Kg7
43.Nd7 h6 44.g4 Nb2 45.h4 Nd3+ 46.Ke4 Nf2+ 47.Kf3 Nd3 48.h5 Ne1+ 49.Ke2 Ng2
50.Nf6 Nf4+ 51.Ke3 Ng2+ 52.Ke4 Ne1 53.Ne8+ Kf8 54.Nf6 Kg7 55.Nd7 Nc2 56.Kf4 Nb4
57.Nf6 Nd3+ 58.Ke4 Nb4 59.Ke3 Nc2+ 60.Kd3 Nb4+ 61.Kc4 Nc6 62.Nd7 Ne7 63.Kc5 Nd5
64.Kd4 Nb4 65.Nf6 Nc6+ 66.Ke4 Nb4 67.Ne8+ Kf8 68.Nd6 Kg7 69.Nc4 Nd5 70.Nd2 Nc3+
71.Kd4 Nd5 72.Ne4 Nb4  1/2-1/2

[Event "JUG-chT (Women)"]
[Site "Niksic"]
[Date "1997.??.??"]
[Round "1"]
[White "Prudnikova, Svetlana"]
[Black "Maric, Alisa"]
[Result "1/2-1/2"]
[WhiteElo "2385"]
[BlackElo "2460"]

1.d4 Nf6 2.c4 e6 3.g3 d5 4.Bg2 Be7 5.Nf3 O-O 6.O-O c6 7.b3 b6 8.Bb2 Bb7 9.Qc2 Nbd7
10.Nc3 Rc8 11.e4 dxe4 12.Nxe4 Nxe4 13.Qxe4 Nf6 14.Qe2 c5 15.Rfd1 Qc7 16.dxc5 Bxc5
17.Ne5 Rfd8 18.Ng4 Nxg4 19.Qxg4 Bf8 20.Bxb7 Qxb7 21.Rd4 Rxd4 22.Qxd4 Rc6
23.Rd1 Rd6 24.Qg4 f5 25.Qe2 Qe4 26.Re1 Qxe2 27.Rxe2 Rd1+ 28.Kg2 Kf7 29.Bc3 Rc1
30.Bb2 Rb1 31.Bc3 Rc1 32.Bb2 Rd1 33.Bc3 Bc5 34.Rd2 Rxd2 35.Bxd2 e5 36.f3 Bd4
37.Kf1 Ke6 38.Ke2 Bg1 39.h3 Bc5 40.g4 g6 41.Bh6 Kd7 42.Kd3 Kc6 43.gxf5  1/2-1/2

[Event "JUG-chT (Women)"]
[Site "Niksic"]
[Date "1997.??.??"]
[Round "4"]
[White "Manakova, Maria"]
[Black "Khurtsidze, Nino"]
[Result "1/2-1/2"]
[WhiteElo "2345"]
[BlackElo "2415"]

1.d4 Nf6 2.Nf3 d5 3.c4 e6 4.g3 Be7 5.Bg2 c6 6.Qc2 O-O 7.O-O b6 8.b3 Bb7 9.Bb2 Nbd7
10.Nbd2 c5  1/2-1/2